00406 a2200121 4500001000900000005001700009008004100026245009800067100001900165700001700184773006800201999001500269ART_772120260410161555.0260409a 10aLa conservación de los suelos en las empresas de producción agropecuaria. Un costo oculto1 aDíaz, Teresa1 aJaime, Diego0 tProfesional & Empresariag- Año X, Nº 109 (oct. 2008)wREV70 c9174d9174